Sports Quiz

Random Sports or NBA Quiz

Best Selling Throwback Jerseys by State Quiz Stats

 Plays Quiz Updated Nov 4, 2015

Challenge
Share
Tweet
Embed
Score 0/50 Timer 05:00
0 Plays Today
State Player % Correct
DelawareKobe Bryant
90.5%
MinnesotaKobe Bryant
90.5%
NevadaKobe Bryant
90.5%
OhioKobe Bryant
90.5%
OregonKobe Bryant
90.5%
TennesseeKobe Bryant
90.5%
WisconsinKobe Bryant
90.5%
CaliforniaJoe Montana
84.4%
ColoradoJohn Elway
83.1%
MassachusettsLarry Bird
82.3%
MississippiLarry Bird
82.3%
Rhode IslandLarry Bird
82.3%
MichiganBarry Sanders
80.6%
GeorgiaDeion Sanders
80.4%
HawaiiDeion Sanders
80.4%
OklahomaDeion Sanders
80.4%
TexasTroy Aikman
76.6%
IllinoisWalter Payton
76.2%
South DakotaWalter Payton
76.2%
IowaJoe Namath
75.1%
New JerseyJoe Namath
75.1%
ConnecticutVince Carter
71.5%
New HampshireVince Carter
71.5%
UtahKarl Malone
70.4%
MissouriOzzie Smith
70%
State Player % Correct
South CarolinaOzzie Smith
70%
New YorkPatrick Ewing
70%
MarylandCal Ripken, Jr.
68.4%
AlaskaWayne Gretzky
66.2%
IndianaJohnny Unitas
65.4%
MontanaRoger Staubach
59.8%
FloridaAlonzo Mourning
59.1%
North CarolinaLarry Johnson
58.4%
IdahoMickey Mantle
57.2%
AlabamaRyne Sandberg
55.7%
New MexicoErnie Banks
48.5%
WyomingLou Gehrig
40.8%
ArizonaPat Tillman
40.4%
WashingtonSteve Largent
39.5%
PennsylvaniaRandall Cunningham
38.4%
VirginiaJohn Riggins
36.1%
VermontCarl Yastrzemski
35.6%
NebraskaSteve Carlton
32.8%
ArkansasBo Jackson
29%
West VirginiaPaul Molitor
27.2%
KentuckyDave ConcepciĆ³n
19.9%
MaineDave Winfield
19.2%
North DakotaFred Biletnikoff
13.3%
KansasRay Nitschke
11.4%
LouisianaSteve Gleason
6.3%

You're not logged in!

Compare scores with friends on all Sporcle quizzes.
Join for Free
OR
Log In

You Might Also Like...

Show Comments

Extras

Top Quizzes Today


Score Distribution

Your Account Isn't Verified!

In order to create a playlist on Sporcle, you need to verify the email address you used during registration. Go to your Sporcle Settings to finish the process.

Report this User

Report this user for behavior that violates our Community Guidelines.

Details: